000 01267nam a2200313 i 4500
001 000030492
003 DO-SdBNP
005 20251215094555.0
007 ta
008 110518s2006 dr 000 | spa d
040 _aDO-SdBNP
_bspa
_cBNPHU
_erda
041 _aspa
082 _axxx
_bB533e
_222
100 1 _aBerroa Ubiera, Francisco
_eautor
_957120
245 1 3 _aLa Era de Trujillo y el post-Trujillismo /
_cFrancisco Berroa Ubiera, José Vásquez Romero, Ismael Hernández Flores.
264 _aSanto Domingo :
_bFacultad de Humanidades,
_c2006.
300 _a109 páginas ;
_c22 cm.
336 _ardacontent
_btexto
_2txt
337 _ardamedia
_bsin mediación
_2n
338 _ardacariier
_bvolumen
_2nc
490 1 _aPublicaciones de la Universidad Autónoma de Santo Domingo
_v1276
505 2 _tAntecedentes de la dictadura de trujillista --
_tJosé Vásquez --
_tEl Gobierno de Horacio Vásquez y la Era de Trujillo --
_tIsrael Hernández Flores --
_tHistoria contemporánea dominicana (1961-1986)
590 _aInventariado, 2025/DG
700 1 _aVásquez Romero, José
_957121
700 1 _aHernández Flores, Ismael
_923299
830 0 _aPublicaciones de la Universidad Autónoma de Santo Domingo
_n1276
_957122
910 _aDG
942 _2ddc
_cLBS1
999 _c29984
_d29984